000 00654nam a2200229Ia 4500
999 _c1758
_d1758
007 ta
008 190719t2009 xxk|||||||||||||| ||und||
020 _a9789280115024
_c£ 40.00
040 _aKO
_beng
041 0 _aeng
082 0 4 _a428.071
_bIn821
_223
110 _aInternational Maritime Organization
245 0 _aMaritime English /
_cInternational Maritime Organization
250 _a2009 ed.
260 _aLondon :
_bInternational Maritime Organization ,
_c2009
300 _av, 210 p.;
_c30 cm.
490 _aModel Course ;
_v3.17
650 _aEnglish language
_xStudy and teaching
904 _aA_BOSE
942 _2ddc
_cBK